000 00723nam a2200193Ia 4500
003 GCL
008 140319s9999 xx 000 0 ara d
020 _a9179303977
040 _aGCL /
_cGCL
082 0 4 _a810.91
_bث ر
100 1 _aثناء أنس الوجود
245 1 0 _aرمز الماء في الادب الجاهلى /
_cثناء أنس الوجود
260 _aالقاهرة :
_bدار قباء للطباعة والنشر والتوزيع ،
_c2000
300 _a308 ص ؛
_c22 سم
490 _aالفيزياء الهندسية
_v0
650 0 4 _aالادب العربى - تاريخ ونقد
650 0 4 _aالادب العربى - تاريخ ونقد - العصر الجاهلى
942 _2ddc
_cBK
999 _c30415
_d30415